=LDR 00000nam 2200000 4500 =001 INLIS000000000026113 =005 20130612124556 =008 ***********************************Ind** =035 ##$$0010-061300000026113 =041 ##$$a Ind =082 ##$$a 616 =090 ##$$a 616, Ros p =100 ##$$a Ross, felton =245 ##$$a Penyakit kusta, Felton Ross =260 ##$$a 1989 $b Jakarta =300 ##$$a 112 hlm, 29 cm =650 ##$$a Kusta =850 ##$$a NBPNMAT